<?xml version="1.0" encoding="UTF-8"?>
<record
    xmlns:xsi="http://www.w3.org/2001/XMLSchema-instance"
    xsi:schemaLocation="http://www.loc.gov/MARC21/slim http://www.loc.gov/standards/marcxml/schema/MARC21slim.xsd"
    xmlns="http://www.loc.gov/MARC21/slim">

  <leader>01323nam0a22002531  4500</leader>
  <controlfield tag="001">rc\3583930</controlfield>
  <controlfield tag="005">20260407223057.0</controlfield>
  <datafield tag="021" ind1=" " ind2=" ">
    <subfield code="a">RU</subfield>
    <subfield code="b">[70-86198]</subfield>
  </datafield>
  <datafield tag="035" ind1=" " ind2=" ">
    <subfield code="a">(NLR Aleph) 007805579</subfield>
  </datafield>
  <datafield tag="090" ind1=" " ind2=" ">
    <subfield code="a">7696786</subfield>
    <subfield code="c">7696786</subfield>
  </datafield>
  <datafield tag="100" ind1=" " ind2=" ">
    <subfield code="a">20130115d1970    |||y0rusy50      ca</subfield>
  </datafield>
  <datafield tag="101" ind1="0" ind2=" ">
    <subfield code="a">rus</subfield>
  </datafield>
  <datafield tag="102" ind1=" " ind2=" ">
    <subfield code="a">RU</subfield>
  </datafield>
  <datafield tag="105" ind1=" " ind2=" ">
    <subfield code="a">y   z   |||||</subfield>
  </datafield>
  <datafield tag="200" ind1="1" ind2=" ">
    <subfield code="a">&#x41F;&#x43E;&#x432;&#x44B;&#x448;&#x435;&#x43D;&#x438;&#x435; &#x43A;&#x430;&#x447;&#x435;&#x441;&#x442;&#x432;&#x430; &#x438; &#x43D;&#x430;&#x434;&#x435;&#x436;&#x43D;&#x43E;&#x441;&#x442;&#x438; &#x43C;&#x430;&#x448;&#x438;&#x43D;, &#x43E;&#x431;&#x43E;&#x440;&#x443;&#x434;&#x43E;&#x432;&#x430;&#x43D;&#x438;&#x44F; &#x438; &#x43F;&#x440;&#x438;&#x431;&#x43E;&#x440;&#x43E;&#x432;, &#x432;&#x44B;&#x43F;&#x443;&#x441;&#x43A;&#x430;&#x435;&#x43C;&#x44B;&#x445; &#x43C;&#x430;&#x448;&#x438;&#x43D;&#x43E;&#x441;&#x442;&#x440;&#x43E;&#x438;&#x442;&#x435;&#x43B;&#x44C;&#x43D;&#x44B;&#x43C;&#x438; &#x43F;&#x440;&#x435;&#x434;&#x43F;&#x440;&#x438;&#x44F;&#x442;&#x438;&#x44F;&#x43C;&#x438; &#x440;&#x435;&#x441;&#x43F;&#x443;&#x431;&#x43B;&#x438;&#x43A;&#x438;</subfield>
    <subfield code="e">(&#x422;&#x435;&#x437;&#x438;&#x441;&#x44B; &#x434;&#x43E;&#x43A;&#x43B;&#x430;&#x434;&#x43E;&#x432;)</subfield>
    <subfield code="f">&#x423;&#x43A;&#x440;. &#x440;&#x435;&#x441;&#x43F;. &#x441;&#x43E;&#x432;&#x435;&#x442; &#x41D;&#x422;&#x41E;. &#x423;&#x43F;&#x440;. &#x443;&#x43F;&#x43E;&#x43B;&#x43D;&#x43E;&#x43C;&#x43E;&#x447;&#x435;&#x43D;&#x43D;&#x43E;&#x433;&#x43E; &#x43F;&#x440;&#x438; &#x421;&#x43E;&#x432;&#x435;&#x442;&#x435; &#x41C;&#x438;&#x43D;&#x438;&#x441;&#x442;&#x440;&#x43E;&#x432; &#x423;&#x421;&#x421;&#x420;. &#x41A;&#x43E;&#x43C;. &#x441;&#x442;&#x430;&#x43D;&#x434;&#x430;&#x440;&#x442;&#x43E;&#x432;, &#x43C;&#x435;&#x440; &#x438; &#x438;&#x437;&#x43C;&#x435;&#x440;&#x438;&#x442;. &#x43F;&#x440;&#x438;&#x431;&#x43E;&#x440;&#x43E;&#x432; &#x43F;&#x440;&#x438; &#x421;&#x43E;&#x432;&#x435;&#x442;&#x435; &#x41C;&#x438;&#x43D;&#x438;&#x441;&#x442;&#x440;&#x43E;&#x432; &#x421;&#x421;&#x421;&#x420;. [&#x420;&#x435;&#x441;&#x43F;. &#x43A;&#x43E;&#x43D;&#x444;&#x435;&#x440;&#x435;&#x43D;&#x446;&#x438;&#x44F;]</subfield>
  </datafield>
  <datafield tag="210" ind1=" " ind2=" ">
    <subfield code="a">&#x41A;&#x438;&#x435;&#x432;</subfield>
    <subfield code="c">&#x423;&#x43A;&#x440;&#x41D;&#x418;&#x418;&#x41D;&#x422;&#x418;</subfield>
    <subfield code="d">1970</subfield>
  </datafield>
  <datafield tag="215" ind1=" " ind2=" ">
    <subfield code="a">76 &#x441;.</subfield>
    <subfield code="d">22</subfield>
  </datafield>
  <datafield tag="606" ind1=" " ind2=" ">
    <subfield code="a">&#x41C;&#x430;&#x448;&#x438;&#x43D;&#x43E;&#x441;&#x442;&#x440;&#x43E;&#x438;&#x442;&#x435;&#x43B;&#x44C;&#x43D;&#x430;&#x44F; &#x43F;&#x440;&#x43E;&#x434;&#x443;&#x43A;&#x446;&#x438;&#x44F;</subfield>
    <subfield code="x">&#x41A;&#x430;&#x447;&#x435;&#x441;&#x442;&#x432;&#x43E;</subfield>
    <subfield code="j">&#x422;&#x435;&#x437;&#x438;&#x441;&#x44B; &#x434;&#x43E;&#x43A;&#x43B;&#x430;&#x434;&#x43E;&#x432;</subfield>
    <subfield code="2">psbo</subfield>
  </datafield>
  <datafield tag="712" ind1="0" ind2="2">
    <subfield code="a">&#x423;&#x43A;&#x440;&#x430;&#x438;&#x43D;&#x441;&#x43A;&#x438;&#x439; &#x440;&#x435;&#x441;&#x43F;&#x443;&#x431;&#x43B;&#x438;&#x43A;&#x430;&#x43D;&#x441;&#x43A;&#x438;&#x439; &#x441;&#x43E;&#x432;&#x435;&#x442; &#x41D;&#x422;&#x41E;</subfield>
    <subfield code="3">RU\NLR\AUTH\8810150778</subfield>
    <subfield code="9">796310</subfield>
  </datafield>
  <datafield tag="801" ind1=" " ind2="0">
    <subfield code="a">RU</subfield>
    <subfield code="b">NLR</subfield>
    <subfield code="g">psbo</subfield>
  </datafield>
  <datafield tag="801" ind1=" " ind2="1">
    <subfield code="a">RU</subfield>
    <subfield code="b">ELAR</subfield>
    <subfield code="2">rusmarc</subfield>
  </datafield>
  <datafield tag="852" ind1=" " ind2=" ">
    <subfield code="a">NLR</subfield>
    <subfield code="j">70-6/9020</subfield>
  </datafield>
  <datafield tag="942" ind1=" " ind2=" ">
    <subfield code="c">BOOK</subfield>
  </datafield>
  <datafield tag="980" ind1=" " ind2=" ">
    <subfield code="a">NB</subfield>
  </datafield>
  <datafield tag="995" ind1=" " ind2=" ">
    <subfield code="5">2013-10-26</subfield>
    <subfield code="b">NLR01</subfield>
    <subfield code="c">NLR01</subfield>
    <subfield code="e">RF31</subfield>
    <subfield code="f">7805579-10</subfield>
    <subfield code="k">70-6/9020</subfield>
    <subfield code="o">0</subfield>
    <subfield code="r">BOOK</subfield>
    <subfield code="s">7069020_</subfield>
  </datafield>
</record>
